[Event "PRO League Pacific 2017"]
[Site "chess.com INT"]
[Date "2017.01.25"]
[Round "3"]
[White "Sadorra, Julio Catalino"]
[Black "Margvelashvili, Giorgi"]
[Result "1-0"]
[WhiteTitle "GM"]
[BlackTitle "GM"]
[WhiteElo "2587"]
[BlackElo "2530"]
[WhiteTeam "Dallas Destiny"]
[BlackTeam "Seattle Sluggers"]
[WhiteFideId "5201268"]
[BlackFideId "13602926"]
[EventDate "2017.01.11"]

1. d4 Nf6 2. c4 e6 3. Nc3 Bb4 4. e3 c5 5. Ne2 cxd4 6. exd4 d5 7. a3 Be7 8. Nf4
O-O 9. cxd5 Nxd5 10. Ncxd5 exd5 11. Bd3 Nc6 12. Be3 g6 13. O-O Bf6 14. Bb5 Qd6
15. Bxc6 bxc6 16. Qa4 Bd7 17. Qa5 Rfb8 18. Nd3 Rb5 19. Qd2 Bf5 20. Nc5 Qb8 21.
b4 a5 22. Bf4 Qb6 23. Bh6 Qa7 24. Rae1 axb4 25. axb4 Rbb8 26. h3 Qa2 27. Qxa2
Rxa2 28. g4 Be6 29. Rxe6 fxe6 30. Nd7 Rxb4 31. Nxf6+ Kf7 32. Nxh7 Rxd4 33. Ng5+
Kf6 34. Bg7+ Kxg5 35. Bxd4 Rd2 36. Be3+ 1-0

[Event "PRO League Pacific 2017"]
[Site "chess.com INT"]
[Date "2017.01.25"]
[Round "3"]
[White "Banik, Siddharth G"]
[Black "Robson, Ray"]
[Result "0-1"]
[BlackTitle "GM"]
[WhiteElo "2154"]
[BlackElo "2675"]
[WhiteTeam "San Francisco Mechanics"]
[BlackTeam "Webster Windmills"]
[WhiteFideId "2065843"]
[BlackFideId "2023970"]
[EventDate "2017.01.11"]

1. e4 c5 2. Nf3 d6 3. d4 cxd4 4. Nxd4 Nf6 5. Nc3 a6 6. Bg5 Nbd7 7. Bc4 e6 8. Qd2
h6 9. Bh4 Nxe4 10. Qf4 Nef6 11. Qe3 Ne5 12. Bb3 Be7 13. h3 O-O 14. O-O-O Ng6 15.
Bxf6 Bxf6 16. Ne4 Be7 17. Kb1 d5 18. Ng3 Bg5 19. Qc3 Bd7 20. h4 Bxh4 21. Nh5 Bf6
22. f4 Rc8 23. Qf3 a5 24. c3 Bxd4 25. Rxd4 Re8 26. f5 exf5 27. Rxd5 Qe7 28. Ng3
Bc6 29. Nxf5 Qe4+ 30. Qxe4 Rxe4 31. Rxa5 Rd8 32. Bc2 Re2 33. Nd4 Bxg2 34. Rg1
Rde8 35. Nxe2 Rxe2 36. Rc5 Kh7 37. Rc7 h5 38. Bd3 Rd2 39. Rxf7 Kh6 40. Bxg6 Kxg6
41. Kc1 Re2 42. Rxb7 h4 43. Rb6+ Kh5 44. Rb8 h3 45. Kd1 Rf2 46. Ke1 Rc2 47. a4
Kg4 48. Rb4+ Kg3 49. Kd1 h2 50. Re1 Rf2 51. a5 Rf1 52. Rxf1 Bxf1 53. a6 Bxa6 54.
Rb6 h1=Q+ 55. Kc2 Qh7+ 0-1

[Event "PRO League Pacific 2017"]
[Site "chess.com INT"]
[Date "2017.01.25"]
[Round "3"]
[White "De Vreesse Pieters, Seppe"]
[Black "Bhat, Vinay S."]
[Result "1/2-1/2"]
[BlackTitle "GM"]
[WhiteElo "2229"]
[BlackElo "2519"]
[WhiteTeam "Webster Windmills"]
[BlackTeam "San Francisco Mechanics"]
[WhiteFideId "254169"]
[BlackFideId "2011352"]
[EventDate "2017.01.11"]

1. e4 e6 2. d4 d5 3. Bd3 dxe4 4. Bxe4 Nf6 5. Bf3 c5 6. Ne2 Nc6 7. Be3 cxd4 8.
Nxd4 Ne5 9. Nc3 a6 10. O-O Be7 11. Re1 O-O 12. Nb3 Bd7 13. Bxb7 Rb8 14. Bxa6
Neg4 15. Bf4 Rb4 16. Bg3 Qb6 17. Bd3 Nh5 18. Rf1 Nxg3 19. hxg3 Nf6 20. a3 Rg4
21. Ne4 h5 22. Nbd2 Nxe4 23. Nxe4 Bc6 24. Qe2 f5 25. Nc3 Bb7 26. Rfe1 Rf6 27.
Bc4 Rgg6 28. Bd5 Ba6 29. Bc4 Bb7 30. Bd5 Ba6 31. Bc4 Bxc4 32. Qxc4 Rxg3 33. Qb5
Qa7 34. Kf1 Rg4 35. Rad1 Rfg6 36. Qd7 Qc5 37. g3 Qc4+ 38. Qd3 Qc6 39. Qd7 Qh1+
40. Ke2 Qg2 41. Rg1 Re4+ 42. Nxe4 Qxe4+ 43. Kf1 Bf6 44. Qd3 Qb7 45. b4 Rg4 46.
Qd7 Qe4 47. Qd3 Qc6 48. Re1 Kh7 49. Qe2 e5 50. b5 Qc5 51. a4 Kg6 52. Rg2 Rxa4
53. Rh2 Rg4 54. Qd3 Rd4 55. Qe2 Rg4 56. Qd3 e4 57. Qd7 Qc4+ 58. Kg2 h4 59. Qe8+
Kh6 60. Qh8+ Kg6 61. Qe8+ Kh6 62. Qh8+ Kg6 63. Qe8+ 1/2-1/2

[Event "PRO League Pacific 2017"]
[Site "chess.com INT"]
[Date "2017.01.25"]
[Round "3"]
[White "Shimanov, Aleksandr"]
[Black "Banik, Siddharth G"]
[Result "1-0"]
[WhiteTitle "GM"]
[WhiteElo "2642"]
[BlackElo "2154"]
[WhiteTeam "Webster Windmills"]
[BlackTeam "San Francisco Mechanics"]
[WhiteFideId "4198603"]
[BlackFideId "2065843"]
[EventDate "2017.01.11"]

1. Nf3 Nf6 2. g3 e6 3. Bg2 d5 4. O-O Be7 5. d3 O-O 6. Nbd2 c5 7. e4 Nc6 8. Re1
Qc7 9. Qe2 b5 10. exd5 Nxd5 11. a4 b4 12. Nc4 Bb7 13. h4 h6 14. a5 Rad8 15. Bd2
Bf6 16. Qd1 Rfe8 17. Qc1 Kh7 18. c3 Ba6 19. Qc2 Kg8 20. Nh2 Be7 21. Ng4 Bf8 22.
f4 bxc3 23. bxc3 Nde7 24. Be3 Nf5 25. Bf2 Bb7 26. a6 Ba8 27. Rab1 h5 28. Nge3
Nxe3 29. Bxe3 Na5 30. Nxa5 Bxg2 31. Nb7 Bxb7 32. Rxb7 Qc6 33. Ra1 Re7 34. Qg2
Qxg2+ 35. Kxg2 Rxd3 36. Bxc5 Red7 37. Rb8 Rd2+ 38. Kh3 Rd8 39. Rxd8 Rxd8 40.
Bxa7 Rd2 41. Bd4 f6 42. a7 g5 43. hxg5 fxg5 44. fxg5 1-0

[Event "PRO League Pacific 2017"]
[Site "chess.com INT"]
[Date "2017.01.25"]
[Round "3"]
[White "Shabalov, Alexander"]
[Black "Pakleza, Zbigniew"]
[Result "1-0"]
[WhiteTitle "GM"]
[BlackTitle "GM"]
[WhiteElo "2563"]
[BlackElo "2480"]
[WhiteTeam "Pittsburgh Pawngrabbers"]
[BlackTeam "Las Vegas Desert Rats"]
[WhiteFideId "2008572"]
[BlackFideId "1119290"]
[EventDate "2017.01.11"]

1. e4 e5 2. Nc3 d6 3. g3 c6 4. Bg2 b5 5. d3 Nf6 6. f4 Nbd7 7. Nf3 Be7 8. O-O O-O
9. Kh1 Re8 10. Be3 Bf8 11. Qd2 Bb7 12. Rae1 a5 13. Nd1 c5 14. Nf2 d5 15. fxe5
dxe4 16. Ng5 Nxe5 17. Nfxe4 Nxe4 18. Nxe4 Qb6 19. Qf2 Rac8 20. h3 f6 21. g4 Kh8
22. g5 fxg5 23. Bxg5 h6 24. Bf4 Qg6 25. Re3 Qh5 26. Kg1 Ng6 27. Ng3 Nxf4 28.
Nxh5 1-0

[Event "PRO League Pacific 2017"]
[Site "chess.com INT"]
[Date "2017.01.25"]
[Round "3"]
[White "Shabalov, Alexander"]
[Black "Troff, Kayden W"]
[Result "0-1"]
[WhiteTitle "GM"]
[BlackTitle "GM"]
[WhiteElo "2563"]
[BlackElo "2511"]
[WhiteTeam "Pittsburgh Pawngrabbers"]
[BlackTeam "Las Vegas Desert Rats"]
[WhiteFideId "2008572"]
[BlackFideId "2047896"]
[EventDate "2017.01.11"]

1. d4 Nf6 2. c4 g6 3. f3 d5 4. cxd5 Nxd5 5. e4 Nb6 6. Nc3 Bg7 7. Be3 O-O 8. Qd2
e5 9. d5 c6 10. a4 cxd5 11. exd5 Nc4 12. Bxc4 Qh4+ 13. Bf2 Qxc4 14. Nge2 Na6 15.
O-O Bf5 16. Rfd1 Rfd8 17. Nb5 b6 18. Ng3 Be6 19. d6 f5 20. Nf1 Bf7 21. Ne3 Qe6
22. Qe2 Bf8 23. Rac1 Rd7 24. Nd5 Bxd6 25. Rc6 Rad8 26. Nxa7 Rxa7 27. Bxb6 Bc5+
28. Rxc5 Rxd5 29. Bxa7 Nxc5 30. Bxc5 Rxc5 31. b4 Rc8 32. b5 Qb3 33. h4 Qxa4 34.
b6 Qb3 35. Rd6 Qb4 36. Qxe5 Rc1+ 37. Kf2 Qxh4+ 0-1

[Event "PRO League Pacific 2017"]
[Site "chess.com INT"]
[Date "2017.01.25"]
[Round "3"]
[White "Petrosian, Tigran L."]
[Black "Holt, Conrad"]
[Result "1-0"]
[WhiteTitle "GM"]
[BlackTitle "GM"]
[WhiteElo "2592"]
[BlackElo "2567"]
[WhiteTeam "Seattle Sluggers"]
[BlackTeam "Dallas Destiny"]
[WhiteFideId "13301616"]
[BlackFideId "2034387"]
[EventDate "2017.01.11"]

1. Nf3 d5 2. g3 Bg4 3. Bg2 Nd7 4. c4 e6 5. cxd5 exd5 6. Qb3 Nc5 7. Qc2 Bd6 8.
Nc3 Nf6 9. O-O O-O 10. d4 Ne6 11. Rd1 c6 12. Nh4 Re8 13. Be3 Bh5 14. Qf5 g6 15.
Qd3 Ng4 16. Bc1 Nxh2 17. Re1 Ng4 18. e4 Qf6 19. Nf3 Bb4 20. Bd2 Rad8 21. Nxd5
cxd5 22. Bxb4 dxe4 23. Rxe4 Qf5 24. Rae1 Nf6 25. Nh4 Qg5 26. Bd2 Nxe4 27. Bxg5
N4xg5 28. d5 Nc5 29. Rxe8+ Rxe8 30. Qc3 Nge4 31. Qd4 b6 32. b4 Nxg3 33. fxg3
Re1+ 34. Kh2 Nd7 35. d6 Bg4 36. Qxg4 1-0

[Event "PRO League Pacific 2017"]
[Site "chess.com INT"]
[Date "2017.01.25"]
[Round "3"]
[White "Petrosian, Tigran L."]
[Black "Sadorra, Julio Catalino"]
[Result "1-0"]
[WhiteTitle "GM"]
[BlackTitle "GM"]
[WhiteElo "2592"]
[BlackElo "2587"]
[WhiteTeam "Seattle Sluggers"]
[BlackTeam "Dallas Destiny"]
[WhiteFideId "13301616"]
[BlackFideId "5201268"]
[EventDate "2017.01.11"]

1. Nf3 d5 2. g3 Nc6 3. Bg2 e5 4. O-O e4 5. Ne1 Nf6 6. d3 Bf5 7. c3 Qd7 8. Bg5
O-O-O 9. dxe4 dxe4 10. Qxd7+ Rxd7 11. Bxf6 gxf6 12. Nc2 Kb8 13. b4 Bg6 14. Nba3
Bh6 15. Rad1 Bd2 16. Nb1 Rhd8 17. e3 Rd3 18. b5 Ne5 19. Nd4 Nc4 20. Nxd2 Nxd2
21. Rfe1 f5 22. Kh1 Bh5 23. Rc1 Rd5 24. Rc2 Rc5 25. Rec1 Bf3 26. c4 Rxc4 27.
Rxc4 Nxc4 28. Nxf3 exf3 29. Bf1 Ne5 30. Bxd3 Nxd3 31. Rc2 Kc8 32. Kg1 b6 33. Rc6
Kd7 34. Rh6 Ne5 35. Rxh7 c5 36. bxc6+ Kxc6 37. h4 b5 38. h5 b4 39. Rg7 a5 40. h6
a4 41. h7 1-0

[Event "PRO League Pacific 2017"]
[Site "chess.com INT"]
[Date "2017.01.25"]
[Round "3"]
[White "Taghizadeh, Rayan"]
[Black "Grabinsky, Aaron"]
[Result "0-1"]
[WhiteTitle "FM"]
[WhiteElo "2317"]
[BlackElo "2380"]
[WhiteTeam "San Francisco Mechanics"]
[BlackTeam "Webster Windmills"]
[WhiteFideId "2054019"]
[BlackFideId "2087090"]
[EventDate "2017.01.11"]

1. e4 e6 2. d4 d5 3. Nd2 Nf6 4. e5 Nfd7 5. Bd3 c5 6. c3 Nc6 7. Ne2 cxd4 8. cxd4
f6 9. exf6 Nxf6 10. O-O Bd6 11. Nf3 Qc7 12. g3 O-O 13. Bf4 Ng4 14. Bxd6 Qxd6 15.
Nc3 h6 16. h3 Nf6 17. Re1 a6 18. Qe2 b5 19. Rad1 Ra7 20. Ne5 g5 21. Bxb5 Nxd4
22. Rxd4 axb5 23. Nxb5 Qb6 24. Nxa7 Qxd4 25. Nec6 Qc5 26. Nxc8 Ne4 27. b4 Qc3
28. N8e7+ Kh7 29. Qe3 Qb2 30. Re2 Qa1+ 31. Kg2 Rf6 32. b5 Qb1 33. b6 h5 34. a4
g4 35. h4 Rf3 36. Qd4 Nxg3 37. fxg3 Qf1+ 38. Kh2 Qxe2+ 39. Kh1 Rf1+ 40. Qg1 Qf3+
41. Kh2 Rxg1 42. Kxg1 Qxg3+ 43. Kf1 Qf3+ 44. Ke1 g3 45. b7 Qf2+ 0-1

[Event "PRO League Pacific 2017"]
[Site "chess.com INT"]
[Date "2017.01.25"]
[Round "3"]
[White "Tarjan, James E"]
[Black "Dreev, Aleksey"]
[Result "0-1"]
[WhiteTitle "GM"]
[BlackTitle "GM"]
[WhiteElo "2406"]
[BlackElo "2651"]
[WhiteTeam "Portland Rain"]
[BlackTeam "San Diego Surfers"]
[WhiteFideId "2000180"]
[BlackFideId "4100107"]
[EventDate "2017.01.11"]

1. e4 c6 2. d4 d5 3. exd5 cxd5 4. Bd3 Nc6 5. c3 Qc7 6. Ne2 Bg4 7. O-O e6 8. Qe1
Nf6 9. f3 Bh5 10. Qh4 Rg8 11. Bg5 Bg6 12. Nf4 Be7 13. Nxg6 hxg6 14. Na3 a6 15.
Bf4 Bd6 16. Bxd6 Qxd6 17. Qg3 Ke7 18. Nc2 Rh8 19. Rae1 Qxg3 20. hxg3 Kd6 21. Ne3
g5 22. g4 b5 23. f4 gxf4 24. Rxf4 Nd8 25. g5 Nd7 26. a4 Rb8 27. axb5 axb5 28.
Ra1 Rh5 29. g6 f6 30. Ra6+ Nc6 31. b3 Kc7 32. Rf1 Rhh8 33. Rfa1 Rb6 34. c4 Nxd4
35. cxd5 Nxb3 36. Ra7+ Rb7 37. Rxb7+ Kxb7 38. Rb1 Ndc5 39. dxe6 Nd4 40. Bxb5
Ncxe6 41. Bc4+ Kc7 42. Bxe6 Nxe6 43. Nf5 Rh5 44. Rf1 Rg5 45. Nxg7 Nxg7 46. Rxf6
Nh5 47. Rf7+ Kd6 48. Kf2 Rxg6 49. Kf3 Rg3+ 50. Kf2 Ke6 51. Rh7 Rg5 52. Kf3 Rf5+
53. Ke3 Nf6 54. Ra7 Rg5 55. Ra6+ Ke5 56. Kf3 Rf5+ 57. Ke3 Nd5+ 58. Ke2 Kf4 59.
Rg6 Nc3+ 60. Kd3 Ne4 61. Kd4 Ng3 62. Rg8 Rf7 63. Kd5 Rd7+ 64. Ke6 Rd2 65. Rf8+
Ke4 66. Rg8 Kf4 67. Rg7 Re2+ 68. Kd5 Nf5 69. Rf7 Rxg2 70. Rf8 Rd2+ 71. Kc4 Rd1
72. Kc3 Ke4 73. Re8+ Kd5 74. Rd8+ Nd6 75. Rd7 Kc6 76. Rd8 Nb5+ 77. Kc2 Rxd8 78.
Kb3 Rd4 0-1

[Event "PRO League Pacific 2017"]
[Site "chess.com INT"]
[Date "2017.01.25"]
[Round "3"]
[White "Tarjan, James E"]
[Black "Brown, Michael William"]
[Result "0-1"]
[WhiteTitle "GM"]
[BlackTitle "IM"]
[WhiteElo "2406"]
[BlackElo "2452"]
[WhiteTeam "Portland Rain"]
[BlackTeam "San Diego Surfers"]
[WhiteFideId "2000180"]
[BlackFideId "2037602"]
[EventDate "2017.01.11"]

1. c4 Nf6 2. g3 e6 3. Nf3 d5 4. b3 Be7 5. Bg2 O-O 6. O-O a5 7. d4 a4 8. bxa4
dxc4 9. Ne5 c5 10. dxc5 Bxc5 11. Bb2 Qa5 12. Qc2 Nbd7 13. Nxc4 Qxa4 14. Rc1 Rd8
15. Nbd2 h6 16. a3 Qa7 17. e3 Nd5 18. Ne4 Be7 19. Rd1 b5 20. Ne5 Nxe5 21. Bxe5
Bb7 22. Qb2 Bxa3 23. Qxb5 Qa6 24. Qxa6 Rxa6 25. Nc3 f6 26. Nxd5 exd5 27. Bc3 Kf7
28. e4 Rc8 29. Be1 dxe4 30. Rd7+ Be7 31. Rb1 Bc6 32. Rd4 Rd8 33. Rc4 Bd5 34. Rc7
Rc6 35. Ra7 Kf8 36. g4 Bc5 37. Ra8 Rxa8 0-1

[Event "PRO League Pacific 2017"]
[Site "chess.com INT"]
[Date "2017.01.25"]
[Round "3"]
[White "Titus, Andrew L"]
[Black "Swiercz, Dariusz"]
[Result "0-1"]
[BlackTitle "GM"]
[WhiteElo "2161"]
[BlackElo "2647"]
[WhiteTeam "Minnesota Blizzard"]
[BlackTeam "St Louis Arch Bishops"]
[WhiteFideId "2059770"]
[BlackFideId "1126881"]
[EventDate "2017.01.11"]

1. e4 e5 2. Nf3 Nc6 3. Bb5 a6 4. Ba4 Nf6 5. d3 d6 6. c3 g6 7. Nbd2 Bg7 8. O-O
O-O 9. Re1 b5 10. Bb3 Na5 11. Bc2 c5 12. Nf1 Nc6 13. Ng3 Re8 14. h3 h6 15. d4
exd4 16. cxd4 Nxd4 17. Nxd4 cxd4 18. Bd3 Bb7 19. b3 Qb6 20. Bb2 h5 21. h4 Ng4
22. Rc1 Qd8 23. Nf1 Qxh4 24. g3 Qf6 25. f3 Ne5 26. Kg2 Rac8 27. Rxc8 Rxc8 28.
Bxd4 Qxf3+ 29. Qxf3 Nxf3 30. Kxf3 Bxd4 31. Re2 Rc3 32. Rd2 Be5 33. Ke2 Kg7 34.
Rd1 Bc8 35. Rd2 Bg4+ 36. Kf2 Rc1 37. Kg2 Be6 38. Be2 Rc3 39. Bd3 d5 40. Bc2 dxe4
41. Bxe4 a5 42. Bd3 a4 43. Bxb5 axb3 44. axb3 Rxb3 45. Be2 Rb2 46. Rxb2 Bxb2 47.
Bf3 Kf6 48. Nd2 Ke5 49. Ne4 Bd4 50. Ng5 Bc4 51. Bb7 Be3 52. Nf3+ Kf6 53. Ba8 g5
54. Bb7 g4 55. Nh2 Kg5 56. Nf1 Bc1 57. Kf2 Ba3 58. Nd2 Be6 59. Ne4+ Kg6 60. Kg2
f5 61. Nf2 Bc4 62. Nd1 Bc1 63. Nc3 Kg5 64. Nd1 h4 65. gxh4+ Kxh4 66. Nf2 f4 67.
Bc8 f3+ 68. Kg1 g3 0-1

[Event "PRO League Pacific 2017"]
[Site "chess.com INT"]
[Date "2017.01.25"]
[Round "3"]
[White "Titus, Andrew L"]
[Black "Rosenthal, Nicholas"]
[Result "1-0"]
[WhiteElo "2161"]
[BlackElo "2156"]
[WhiteTeam "Minnesota Blizzard"]
[BlackTeam "St Louis Arch Bishops"]
[WhiteFideId "2059770"]
[BlackFideId "2045150"]
[EventDate "2017.01.11"]

1. e4 e6 2. d4 d5 3. Nd2 Nf6 4. e5 Nfd7 5. Bd3 c5 6. c3 Nc6 7. Ne2 cxd4 8. cxd4
f6 9. Nf4 Nxd4 10. Qh5+ Ke7 11. exf6+ Nxf6 12. Ng6+ Kd7 13. Ne5+ Kc7 14. Qh4 Nf5
15. Qa4 Bd7 16. Qc2+ Bc6 17. Nf7 Qd7 18. Nxh8 Bd6 19. Nf3 Rxh8 20. Bd2 Kb8 21.
O-O Ne4 22. Bc3 Qc7 23. Rad1 Rg8 24. g4 Ne7 25. Bxe4 dxe4 26. Rxd6 exf3 27. Be5
Ka8 28. Qxh7 Rc8 29. Rc1 Qa5 30. Qxg7 Bd5 31. Qg5 Nc6 32. Rd7 a6 33. Rg7 Bc4 34.
Bc3 Qb6 35. Rg8 Rxg8 36. Qxg8+ Ka7 37. Qg5 Bd5 38. Qe3 Qxe3 39. fxe3 Ne7 40. Kf2
Be4 41. Bd4+ Kb8 42. h4 Nc6 43. h5 e5 44. Bc5 Kc7 45. g5 Kd7 46. g6 Ke6 47. Rd1
Kf6 48. Rd6+ Kg5 49. g7 Bh7 50. g8=Q+ Bxg8 51. Rg6+ Kxh5 52. Rxg8 e4 53. Bd4 Ne7
54. Re8 Nf5 55. Rxe4 Kg6 56. Kxf3 Kf7 57. Rf4 Ke6 58. Rxf5 Kxf5 59. e4+ 1-0

[Event "PRO League Pacific 2017"]
[Site "chess.com INT"]
[Date "2017.01.25"]
[Round "3"]
[White "Bhat, Vinay S."]
[Black "Boros, Denes"]
[Result "1-0"]
[WhiteTitle "GM"]
[BlackTitle "GM"]
[WhiteElo "2519"]
[BlackElo "2444"]
[WhiteTeam "San Francisco Mechanics"]
[BlackTeam "Webster Windmills"]
[WhiteFideId "2011352"]
[BlackFideId "722340"]
[EventDate "2017.01.11"]

1. d4 c6 2. c4 Nf6 3. Nf3 d5 4. g3 g6 5. Bg2 Bg7 6. O-O O-O 7. Qb3 a5 8. Nc3 a4
9. Nxa4 dxc4 10. Qd1 Bg4 11. Nc3 Nbd7 12. h3 Bxf3 13. Bxf3 Qb6 14. e3 e5 15. Be2
exd4 16. exd4 Qa6 17. a4 b5 18. Be3 b4 19. Na2 Qxa4 20. Bxc4 Qa5 21. Bd2 Nd5 22.
Nxb4 Qxa1 23. Qxa1 Rxa1 24. Rxa1 N5b6 25. Bb3 Bxd4 26. Nxc6 Bxb2 27. Ra7 Bf6 28.
Be3 Rc8 29. Bxb6 Rxc6 30. Bxf7+ Kxf7 31. Rxd7+ Ke6 32. Rb7 h5 33. Kg2 Be7 34.
Be3 Kf5 35. Rxe7 Kf6 36. Re4 Rd6 37. g4 hxg4 38. hxg4 Rd5 39. f4 Rd3 40. Kf3 Rb3
41. Ra4 g5 42. Ra6+ Kf7 43. f5 Rb4 44. Bxg5 Rb3+ 45. Kf4 Rb4+ 46. Kg3 Rb3+ 47.
Kh4 Kg7 48. Ra7+ Kg8 49. Bf6 Rb6 50. Kg5 Rb4 51. Kh5 Rc4 52. g5 Kf8 53. Kg6 Ke8
54. Ra8+ Kd7 55. Kf7 1-0

[Event "PRO League Pacific 2017"]
[Site "chess.com INT"]
[Date "2017.01.25"]
[Round "3"]
[White "Bhat, Vinay S."]
[Black "Nyzhnyk, Illya"]
[Result "0-1"]
[WhiteTitle "GM"]
[BlackTitle "GM"]
[WhiteElo "2519"]
[BlackElo "2616"]
[WhiteTeam "San Francisco Mechanics"]
[BlackTeam "Webster Windmills"]
[WhiteFideId "2011352"]
[BlackFideId "14118084"]
[EventDate "2017.01.11"]

1. d4 d5 2. c4 c6 3. Nc3 Nf6 4. e3 e6 5. Nf3 Nbd7 6. Qc2 Bd6 7. Bd3 dxc4 8. Bxc4
b5 9. Be2 Bb7 10. O-O O-O 11. e4 e5 12. Rd1 Qc7 13. Bg5 exd4 14. Rxd4 b4 15. e5
Nxe5 16. Nxe5 bxc3 17. Nc4 Bxh2+ 18. Kh1 Be5 19. Nxe5 Qxe5 20. Be3 c5 21. Rh4
cxb2 22. Rb1 Rab8 23. Bd3 h6 24. Bf4 Qd5 25. f3 Rbd8 26. Bc4 Qd4 27. Bg5 Be4 28.
fxe4 hxg5 29. Rh3 Nxe4 0-1

[Event "PRO League Pacific 2017"]
[Site "chess.com INT"]
[Date "2017.01.25"]
[Round "3"]
[White "Liou, Yian"]
[Black "Durarbayli, Vasif"]
[Result "0-1"]
[WhiteTitle "IM"]
[BlackTitle "GM"]
[WhiteElo "2414"]
[BlackElo "2616"]
[WhiteTeam "San Francisco Mechanics"]
[BlackTeam "Webster Windmills"]
[WhiteFideId "2039583"]
[BlackFideId "13402935"]
[EventDate "2017.01.11"]

1. e4 c5 2. Nf3 d6 3. d4 cxd4 4. Nxd4 Nf6 5. Nc3 Nc6 6. Bg5 e6 7. Qd3 Be7 8. Be2
Qa5 9. Bh4 a6 10. Nb3 Qc7 11. O-O b5 12. a3 Bb7 13. Bg3 Ne5 14. Qe3 O-O 15. Rad1
Rab8 16. Kh1 Ba8 17. Nd2 Rfc8 18. Qd4 Qb6 19. Qxb6 Rxb6 20. f3 Rbb8 21. Rb1 Nh5
22. Rfd1 Nxg3+ 23. hxg3 h5 24. Nf1 Nc4 25. Bxc4 Rxc4 26. Ne3 Rc5 27. Kg1 Rbc8
28. Ne2 a5 29. c3 Bb7 30. Kf2 a4 31. Rd2 g6 32. Nf4 Kg7 33. Rbd1 Rd8 34. Nd3
Rcc8 35. Nb4 h4 36. gxh4 Bxh4+ 37. g3 Be7 38. Nec2 Rc5 39. Rh1 Bg5 40. Rdd1 Bf6
41. Nd4 d5 42. exd5 Bxd5 43. Ne2 Bb7 44. Rxd8 Bxd8 45. Rd1 Bb6 46. Kg2 Re5 47.
Nf4 Re3 48. Rf1 g5 49. Nh5+ Kg6 50. g4 Re2+ 51. Kh3 Bc7 52. Ng3 Rxb2 53. Nd3 Rc2
54. Nc5 Bc6 55. Nce4 Bxe4 0-1

[Event "PRO League Pacific 2017"]
[Site "chess.com INT"]
[Date "2017.01.25"]
[Round "3"]
[White "Liou, Yian"]
[Black "De Vreesse Pieters, Seppe"]
[Result "1/2-1/2"]
[WhiteTitle "IM"]
[WhiteElo "2414"]
[BlackElo "2229"]
[WhiteTeam "San Francisco Mechanics"]
[BlackTeam "Webster Windmills"]
[WhiteFideId "2039583"]
[BlackFideId "254169"]
[EventDate "2017.01.11"]

1. e4 d6 2. d4 g6 3. Nc3 Nf6 4. Be3 a6 5. h3 Bg7 6. a4 O-O 7. Nf3 b6 8. Bd3 Bb7
9. O-O e6 10. Bg5 h6 11. Bh4 Nbd7 12. Re1 Qb8 13. Bg3 c5 14. Bf1 Nh5 15. Bh2
cxd4 16. Nxd4 Rd8 17. Qd2 Qc7 18. Rad1 Ne5 19. Qe2 Rac8 20. Qe3 Nc4 21. Bxc4
Qxc4 22. Nde2 Qb4 23. Rd3 Nf6 24. f3 d5 25. Red1 Re8 26. e5 Nd7 27. b3 Qc5 28.
Kh1 Qxe3 29. Rxe3 Bf8 30. Nd4 Rc7 31. Nce2 Rec8 32. Bg3 Bc5 33. Rc3 Bb4 34. Rxc7
Rxc7 35. Kg1 Nb8 36. Be1 Be7 37. Bd2 Kg7 38. Be3 Nd7 39. f4 h5 40. Kf2 Nc5 41.
g4 hxg4 42. hxg4 Nd7 43. Kg3 Rc8 44. Rh1 1/2-1/2

[Event "PRO League Pacific 2017"]
[Site "chess.com INT"]
[Date "2017.01.25"]
[Round "3"]
[White "Yoo, Christopher Woojin"]
[Black "Vazquez, Guillermo"]
[Result "0-1"]
[BlackTitle "IM"]
[WhiteElo "1854"]
[BlackElo "2437"]
[WhiteTeam "San Jose Hackers"]
[BlackTeam "Rio Grande Ospreys"]
[WhiteFideId "30909694"]
[BlackFideId "3702308"]
[EventDate "2017.01.11"]

1. e4 c5 2. Nf3 d6 3. d4 cxd4 4. Nxd4 Nf6 5. Nc3 a6 6. f3 e5 7. Nb3 Be6 8. Be3
h5 9. Qd2 Nbd7 10. a4 Be7 11. Nd5 Nxd5 12. exd5 Bf5 13. a5 O-O 14. Bd3 Bxd3 15.
Qxd3 Bg5 16. O-O-O Rc8 17. Rhe1 b5 18. axb6 Nxb6 19. Na5 Bxe3+ 20. Rxe3 Qg5 21.
Re1 Rc5 22. Nb7 Rxd5 23. Qb3 Rb5 24. Qd3 Nd5 25. Nxd6 Nxe3 26. Qxe3 Qxe3+ 27.
Rxe3 Rd5 28. Nf5 Re8 29. c4 Rc5 30. Rc3 a5 31. Nd6 Rb8 32. Kc2 g6 33. b3 Kf8 34.
Ne4 Rc6 35. g4 hxg4 36. fxg4 Ke7 37. h4 Rh8 38. Rh3 f5 39. gxf5 gxf5 40. Nc3
Rch6 41. Nd5+ Ke6 42. Nc7+ Kd7 43. Nb5 Rxh4 44. Rd3+ Ke7 45. Rd5 Rh2+ 46. Kd1
Kf6 47. c5 Ra2 48. Kc1 Rh1+ 49. Rd1 Ra1+ 50. Kb2 Rhxd1 51. c6 Rac1 52. Nc3 Rxc3
53. Kxc3 Rc1+ 0-1

[Event "PRO League Pacific 2017"]
[Site "chess.com INT"]
[Date "2017.02.01"]
[Round "4"]
[White "Orlov, Georgi"]
[Black "Wheeler, Cameron"]
[Result "0-1"]
[WhiteTitle "IM"]
[BlackTitle "FM"]
[WhiteElo "2475"]
[BlackElo "2398"]
[WhiteTeam "Seattle Sluggers"]
[BlackTeam "San Francisco Mechanics"]
[WhiteFideId "2011271"]
[BlackFideId "2060531"]
[EventDate "2017.01.11"]

1. e4 e6 2. d4 d5 3. Nc3 Bb4 4. exd5 exd5 5. Bd3 Nf6 6. Ne2 O-O 7. O-O h6 8. Bf4
c5 9. dxc5 Bxc5 10. Nb5 Nc6 11. c3 Bg4 12. Qc2 Bxe2 13. Qxe2 a6 14. b4 Be7 15.
Nd4 Nxd4 16. cxd4 Bxb4 17. Rab1 Re8 18. Qf3 a5 19. Be5 Nd7 20. a3 Bxa3 21. Rxb7
Re7 22. Bc7 Qc8 23. Qxd5 Nf6 24. Qc6 Ne8 25. Be4 Rxc7 26. Rxc7 Nxc7 27. Qa4 Bb4
28. Bxa8 Qxa8 29. Rc1 Ne6 30. Qd7 Qe4 31. Qc8+ Kh7 32. Qc2 Qxc2 33. Rxc2 Nxd4
34. Rc7 Nb5 35. Rxf7 Kg6 36. Rf4 Nc3 37. Kf1 Kg5 38. g3 Nd5 39. h4+ Kg6 40. Rd4
Nb6 41. Ke2 Kf5 42. Kd3 Ke5 43. Rg4 Bf8 44. Rg6 Bc5 45. f4+ Kd5 46. Rxg7 a4 47.
f5 a3 48. Kc2 Bd4 49. Ra7 Nc4 50. Kb3 Bxa7 51. f6 Bc5 52. g4 Nd2+ 53. Ka2 Ne4
54. g5 hxg5 55. hxg5 Nxg5 0-1